[Event "Tunis op"]
[Site "Tunis"]
[Date "1997.??.??"]
[Round "3"]
[White "Henni, Mohamed"]
[Black "Apicella, Manuel"]
[Result "0-1"]
[WhiteElo "2375"]
[BlackElo "2500"]
[PlyCount "68"]
[EventDate "1997.??.??"]
[Source "www.chesslib.no"]
[SourceDate "2004.05.04"]

1. e4 c5 2. Nf3 Nc6 3. d4 cxd4 4. Nxd4 Nf6 5. Nc3 d6 6. Be2 e5 7. Nb3 Be7 8. O-O O-O 9. Kh1 a5 10. a4 Nb4 11. f4 d5 12. fxe5 Nxe4 13. Nb5 Bg5 14. Nd2 Nc5 15. Nf3 Bxc1 16. Qxc1 Bf5 17. Nbd4 Bg6 18. c3 Nbd3 19. Qd2 Qb6 20. Bxd3 Nxd3 21. b3 Rae8 22. Qe3 Be4 23. e6 Rxe6 24. Rad1 Ne5 25. Ng5 Rh6 26. Qg3 Nc6 27. Nde6 fxe6 28. Rxf8+ Kxf8 29. Qd6+ Kg8 30. Qd7 Qf2 31. Qc8+ Qf8 32. Qxb7 Rf6 33. Kg1 Qc5+ 34. Kh1 Qf2 0-1

[Event "EU-chT (Men)"]
[Site "Pula"]
[Date "1997.??.??"]
[Round "9"]
[White "Upton, Timothy J"]
[Black "Kotronias, Vasilios"]
[Result "1/2-1/2"]
[WhiteElo "2285"]
[BlackElo "2590"]
[PlyCount "117"]
[EventDate "1997.05.05"]
[Source "ChessBase"]

1. e4 c5 2. Nf3 Nc6 3. d4 cxd4 4. Nxd4 Nf6 5. Nc3 d6 6. Be2 e5 7. Nb3 Be7 8. O-O O-O 9. Be3 a5 10. Bf3 a4 11. Nd2 Be6 12. Nd5 Bxd5 13. exd5 Nb4 14. c4 Nd7 15. c5 Nxc5 16. Bxc5 dxc5 17. Nc4 Bd6 18. a3 Na6 19. Qxa4 Nc7 20. Qb3 b5 21. Nxd6 Qxd6 22. a4 Rfb8 23. a5 Na6 24. Rfe1 Nb4 25. Qc3 Re8 26. b3 f5 27. Be2 Rab8 28. a6 Nxa6 29. Ra5 Nc7 30. Rc1 Nxd5 31. Qxc5 Qe6 32. Rca1 Nf4 33. Bxb5 Qg6 34. g3 Qg4 35. Re1 Rbc8 36. Bc4+ Kh8 37. Qe3 Nh3+ 38. Kh1 f4 39. Qe2 Qg6 40. Rxe5 Rxe5 41. Qxe5 h5 42. Qe6 Qxe6 43. Bxe6 Re8 44. Re5 Nxf2+ 45. Kg2 Ng4 46. Rxh5+ Nh6 47. Bc4 fxg3 48. hxg3 Kh7 49. b4 Kg6 50. Rc5 Ng4 51. b5 Ne5 52. b6 Nxc4 53. Rxc4 Re2+ 54. Kf3 Rb2 55. Rc6+ Kf5 56. g4+ Kg5 57. Rc5+ Kg6 58. Rc6+ Kg5 59. Rc5+ 1/2-1/2

[Event "Santa Clara"]
[Site "Santa Clara CUB"]
[Date "1990.??.??"]
[Round "3"]
[White "Henao, Raul Fernando"]
[Black "Vera, Reynaldo G"]
[Result "0-1"]
[WhiteElo "2400"]
[BlackElo "2475"]
[PlyCount "76"]
[EventDate "1990.02.??"]
[Source "www.chesslib.no"]
[SourceDate "2004.05.04"]

1. e4 c5 2. Nf3 d6 3. d4 cxd4 4. Nxd4 Nf6 5. Nc3 Nc6 6. Be2 e5 7. Nb3 Be7 8. O-O O-O 9. f4 a5 10. a4 Nb4 11. Kh1 Be6 12. f5 Bd7 13. Bg5 Bc6 14. Bxf6 Bxf6 15. Bc4 Rc8 16. Qe2 Qc7 17. Bb5 d5 18. exd5 Nxd5 19. Nxd5 Bxd5 20. Rad1 Rfd8 21. Bd3 e4 22. Bxe4 Qe5 23. Rxd5 Rxd5 24. Qf3 Rd6 25. c3 b6 26. Nd4 Re8 27. Bc6 Red8 28. Be4 Qc5 29. Nb5 Rd2 30. b3 Rb2 31. c4 Qb4 32. Bd5 Qxb3 33. Qe4 Qc2 34. Qxc2 Rxc2 35. Re1 Kf8 36. h3 Ra2 37. Na7 Rxa4 38. Nc6 Re8 0-1

[Event "Santa Cruz de la Palma Open"]
[Site "Santa Cruz"]
[Date "1995.??.??"]
[Round "?"]
[White "Martin Ojeda, Juan Manuel"]
[Black "Damljanovic, Branko"]
[Result "0-1"]
[WhiteElo "2295"]
[BlackElo "2575"]
[PlyCount "80"]
[EventDate "1995.07.??"]
[Source "www.chesslib.no"]
[SourceDate "2004.05.04"]

1. e4 c5 2. Nf3 d6 3. d4 cxd4 4. Nxd4 Nf6 5. Nc3 Nc6 6. Be2 e5 7. Nb3 Be7 8. O-O O-O 9. Be3 a5 10. a3 Be6 11. f4 a4 12. Nc1 exf4 13. Rxf4 d5 14. exd5 Nxd5 15. Nxd5 Bxd5 16. Rf2 Re8 17. Bf3 Bxf3 18. Qxf3 Bf6 19. Nd3 Nd4 20. Bxd4 Bxd4 21. Qxf7+ Kh8 22. Kh1 Bxf2 23. Qxf2 Qf6 24. Rf1 Qxf2 25. Rxf2 Rf8 26. Kg1 Rac8 27. Nb4 Kg8 28. Kf1 Rxf2+ 29. Kxf2 Re8 30. Nd5 b5 31. Nc3 Re5 32. Kf3 Kf7 33. h4 Ke6 34. g4 h6 35. h5 Rc5 36. Ke3 b4 37. Nxa4 Ra5 38. Nb6 bxa3 39. bxa3 Rxa3+ 40. Kf4 Ra6 0-1

[Event "III Memorial E.Geller - Open A"]
[Site "Odessa UCR"]
[Date "2007.09.09"]
[Round "2"]
[White "Paramonov, Dimitriy"]
[Black "Murariu, Andrei"]
[Result "0-1"]
[WhiteElo "2358"]
[BlackElo "2511"]
[PlyCount "109"]
[EventDate "2007.09.08"]
[Source "www.chesslib.no"]
[SourceDate "2004.05.04"]

1. e4 c5 2. Nf3 Nc6 3. d4 cxd4 4. Nxd4 Nf6 5. Nc3 d6 6. Be2 e5 7. Nb3 Be7 8. O-O O-O 9. f4 a5 10. a4 Nb4 11. Kh1 b6 12. Be3 Bb7 13. Nd2 d5 14. fxe5 d4 15. Bg1 dxc3 16. bxc3 Nxe4 17. Nxe4 Bxe4 18. cxb4 axb4 19. Bd3 Bxd3 20. Qxd3 Bc5 21. Bxc5 bxc5 22. Rfd1 Qxd3 23. Rxd3 f6 24. e6 Rfe8 25. Rd6 Kf8 26. Kg1 Red8 27. Rc6 Rac8 28. Rb6 Ke7 29. Re1 Rb8 30. Ra6 Ra8 31. Rb6 Rdb8 32. Rc6 Rc8 33. Rb6 Rc7 34. Ra1 Ra5 35. Kf2 h5 36. Ke2 Rca7 37. Rd1 Rxa4 38. Rd5 c4 39. Rxh5 Ra2 40. Rxb4 Rxc2+ 41. Ke3 Kxe6 42. g3 Rd7 43. Rb6+ Kf7 44. h4 Rd3+ 45. Kf4 Rf2+ 46. Kg4 Rg2 47. Kf4 Rgxg3 48. Rc5 Rh3 49. Kg4 Rdg3+ 50. Kf4 Rb3 51. Rxb3 cxb3 52. Kg4 b2 53. Rb5 Rh2 54. Kg3 Rd2 55. h5 0-1

[Event "Pardubice Komercni Banka op"]
[Site "Pardubice"]
[Date "1999.07.21"]
[Round "6"]
[White "Smetankin, S."]
[Black "Miroshnichenko, E."]
[Result "0-1"]
[WhiteElo "2385"]
[BlackElo "2483"]
[PlyCount "132"]
[EventDate "1999.07.11"]
[Source "www.chesslib.no"]
[SourceDate "2004.05.04"]

1. e4 c5 2. Nf3 d6 3. d4 cxd4 4. Nxd4 Nf6 5. Nc3 Nc6 6. Be2 e5 7. Nb3 Be7 8. O-O O-O 9. Kh1 a6 10. a4 b6 11. Be3 Bb7 12. Qd2 Rc8 13. Rfd1 Nb4 14. a5 b5 15. Bb6 Qe8 16. Rac1 Rxc3 17. Qxc3 Na2 18. Qc7 Nxc1 19. Rxc1 Bxe4 20. Nd2 Ba8 21. c4 bxc4 22. Qxc4 Bb7 23. Qc7 Qc8 24. Bf3 Qxc7 25. Rxc7 Bxf3 26. gxf3 Nd5 27. Ra7 Rc8 28. h3 f5 29. b3 Rc3 30. Rxa6 Kf7 31. Ra7 Ke6 32. Rb7 Rc1+ 33. Kh2 Ra1 34. Nc4 h5 35. Be3 Ra2 36. Bd2 Bh4 37. Kg2 Nf4+ 38. Bxf4 exf4 39. Rb6 Rxf2+ 40. Kg1 Rxf3 41. Rxd6+ Ke7 42. a6 Rc3 43. Rd5 f3 44. Nd2 f2+ 45. Kf1 Rc1+ 46. Ke2 Re1+ 47. Kd3 f1=Q+ 48. Nxf1 Rxf1 49. Ra5 Rd1+ 50. Ke2 Rd8 51. Rxf5 g6 52. Rf4 Bf6 53. Rb4 Ra8 54. Rb6 g5 55. Kf3 Be5 56. Rg6 Bf6 57. Rh6 h4 58. Rh7+ Ke6 59. a7 Be7 60. Rh6+ Bf6 61. Rh7 Be7 62. Rh6+ Kd7 63. Ra6 Bd6 64. Ke4 Kc7 65. Kd5 Bf4 66. Kc5 Be3+ 0-1

[Event "XI Festival"]
[Site "Voronezh RUS"]
[Date "2007.06.20"]
[Round "8"]
[White "Turkin, V."]
[Black "Kornev, Alexei"]
[Result "1/2-1/2"]
[WhiteElo "2299"]
[BlackElo "2567"]
[PlyCount "121"]
[EventDate "2007.06.12"]
[Source "www.chesslib.no"]
[SourceDate "2004.05.04"]

1. e4 c5 2. Nf3 Nc6 3. d4 cxd4 4. Nxd4 Nf6 5. Nc3 d6 6. Be2 e5 7. Nb3 Be7 8. O-O O-O 9. Be3 Be6 10. Bf3 a5 11. Nd5 a4 12. Nd2 Bxd5 13. exd5 Nb4 14. c4 Qc7 15. a3 Nd3 16. b4 axb3 17. Qxb3 Nc5 18. Bxc5 Qxc5 19. Qxb7 Rab8 20. Qc6 Qd4 21. Rfd1 Rfc8 22. Qa6 Qc5 23. Rab1 Bd8 24. Rxb8 Rxb8 25. Qc6 Bb6 26. Qxc5 Bxc5 27. a4 g6 28. Rb1 Rxb1+ 29. Nxb1 Bb4 30. Kf1 Kg7 31. Bd1 Ne4 32. Bc2 Nc5 33. Ke2 f5 34. Nd2 Kf6 35. f3 Bc3 36. Nb1 Bb4 37. Nd2 Kg5 38. g3 Kf6 39. Nf1 e4 40. f4 Nb7 41. Bb3 h6 42. h4 h5 43. Ne3 Na5 44. Ba2 Ke7 45. Nd1 Kd7 46. Nf2 Bc3 47. Nh3 Bf6 48. Ng5 Bxg5 49. hxg5 Nb7 50. Bb3 Kc7 51. Ke3 Kb6 52. Kd4 Nc5 53. Bc2 Ka5 54. Bd1 Kb4 55. Bc2 Nxa4 56. Bxa4 Kxa4 57. c5 dxc5+ 58. Kxc5 e3 59. d6 e2 60. d7 e1=Q 61. d8=Q 1/2-1/2

[Event "ITT Jaque Mate LXVII"]
[Site "ITT Jaque Mate LXVII"]
[Date "1995.??.??"]
[Round "12"]
[White "Rodriguez, Andres"]
[Black "Roselli Mailhe, Bernardo"]
[Result "0-1"]
[WhiteElo "2435"]
[BlackElo "2425"]
[PlyCount "78"]
[EventDate "1995.??.??"]
[Source "www.chesslib.no"]
[SourceDate "2004.05.04"]

1. e4 c5 2. Nf3 Nc6 3. d4 cxd4 4. Nxd4 Nf6 5. Nc3 d6 6. Be3 e5 7. Nb3 Be7 8. Be2 O-O 9. O-O Be6 10. Bf3 a5 11. a3 a4 12. Nc1 Qd7 13. Nd5 Bxd5 14. exd5 Na5 15. Be2 Rfc8 16. Na2 Nc4 17. Bxc4 Rxc4 18. Nb4 Qf5 19. Qe2 Rcc8 20. h3 g5 21. g4 Qg6 22. f3 Ra5 23. Rad1 h5 24. c3 Bd8 25. Qg2 Rc4 26. Qe2 Rf4 27. Bxf4 gxf4 28. Qd3 e4 29. fxe4 hxg4 30. Kh1 Qh6 31. Nc2 Bb6 32. Nd4 Bxd4 33. cxd4 f3 34. Rxf3 gxf3 35. Qxf3 Rb5 36. Rg1+ Kf8 37. Qg3 Nxe4 38. Qg8+ Ke7 39. Qg2 Qe3 0-1